50 Biggest Cities of Bhutan on a Map - Statistics

General Stats
  • This quiz has been taken 42 times
  • The average score is 8 of 50
Answers on the Map
Answers color-coded by a green-red scale on the quiz's map according to % correct below.
 
Answer Stats
Population City % Correct
114,551 Thimphu
100%
11,448 Tshongdue
58%
6,243 Jakar
35%
27,658 Phuntsholing
35%
6,262 Punakha
31%
3,037 Trashigang
31%
9,858 Gelaphu
27%
9,325 Samdrup Jongkhar
23%
5,396 Samtse
23%
8,954 Wangdue
23%
1,547 Dagana
19%
779 Gasa
19%
2,596 Haa
19%
4,452 Mongar
19%
5,418 Nganglam
19%
1,038 Pemagatshel
19%
2,177 Zhemgang
19%
1,842 Chukha
15%
3,448 Damphu
15%
1,500 Lhuentse
15%
3,187 Yangtse
15%
1,037 Darla
12%
2,849 Gedu
12%
3,661 Gomtu
12%
1,136 Jomotsangkha
12%
3,223 Kanglung
12%
800 Panbang
12%
2,024 Rangjung
12%
3,152 Sarpang
12%
3,122 Trongsa
12%
2,135 Tsimalakha
12%
578 Dagapela
8%
2,629 Gyelpozhing
8%
1,129 Khaling
8%
952 Lingmethang
8%
522 Nangkhor
8%
713 Nobding
8%
534 Tingtibi
8%
730 Yadi
8%
775 Autsho
4%
587 Damji
4%
969 Dramedtse
4%
575 Drukjeygang
4%
502 Jyenkana
4%
966 Khasadrapchu
4%
565 Kilikhar
4%
1,961 Lhamoi Dzingkha
4%
784 Lobaysa
4%
1,713 Samdrup Choling
4%
617 Sipsu
4%
No matching quizzes found
Score Distribution
Percent of People with Each Score
Percentile by Number Answered
Your Score History
You have not taken this quiz